Statistiken für Gegrüßet seist du, Maria

Klicken Sie hier um das Quiz zu spielen!

Allgemein

  • Dieses Quiz wurde 91 mal gespielt
  • Das Durchschnittsergebnis liegt bei 6 aus 8

Antwortstatistiken

% Korrekt
der {Herr} ist mit dir.
95%
und gebenedeit ist die {Frucht} deines Leibes, Jesus.
89%
Du bist gebenedeit unter den {Frauen},
88%
Gegrüßet seist du, Maria, voll der {Gnade},
88%
Heilige Maria, {Mutter} {Gottes},
67%
bitte für uns {Sünder}
61%
jetzt und in der Stunde unseres {Todes}.
56%
{Amen}.
53%

Verteilung der Resultate

Perzentil nach korrekt beantworteten Fragen

Anzahl Personen mit jedem Resultat

Ihre Resultats-Entwicklung

Sie haben dieses Quiz noch nicht gespielt